Normal view
MARC view
- GRID COMPUTING FOR ELECTROMAGNETICS
Entry Topical Term
001 - CONTROL NUMBER
- control field: 56769
003 - CONTROL NUMBER IDENTIFIER
- control field: NUST
005 - DATE AND TIME OF LATEST TRANSACTION
- control field: 20210628201755.0
008 - FIXED-LENGTH DATA ELEMENTS
- fixed length control field: 210628|| aca||aabn | a|a d
040 ## - CATALOGING SOURCE
- Original cataloging agency: NUST
- Transcribing agency: NUST
150 ## - HEADING--TOPICAL TERM
- Topical term or geographic name entry element: GRID COMPUTING FOR ELECTROMAGNETICS
670 ## - SOURCE DATA FOUND
- Source citation: Work cat.: (NUST): Tarricone, Luciano ,Esposito, Alessandra 56768, Grid computing for electromagnetics, 2004
